แสดงรายละเอียดบรรณานุกรม
  กลับหน้าหลัก

Brief Record : Get Marc (ISO 2709) : E-mail record : QR code ปิดหน้าต่าง
E-books : เกี่ยวกับ Collections
LEADER 00000nam 2200000uu 4500
001    208491
003     ULIBM
008    121105s2554||||th 000 0 tha d
020    ^a9786169010203
040    ^absi
041 0  ^atha^beng
060 04 ^aWS330^bC337 2554
245 00 ^aCase study in pediatric endocrinology.^nvolume 3 /^cกองบรรณาธิการ, อวยพร ปะนะมณฑา, เปรมฤดี ภูมิถาวร, สุภาพ อรุณภาคมงคล
246 31 ^aCase study in pediatric endocrinology volume 3/2011
260    ^aกรุงเทพฯ :^bชมรมต่อมไร้ท่อเด็กและวัยรุ่นแห่งประเทศไทย,^c2554
300    ^a174 หน้า :^bภาพประกอบ ;^c19 ซม.
650  4 ^aต่อมไร้ท่อ, โรค^xในวัยทารกและวัยเด็ก
650  4 ^aต่อมไร้ท่อ, วิทยา^xในวัยทารกและวัยเด็ก
700 0  ^aอวยพร ปะนะมณฑา,^eบรรณาธิการ
700 0  ^aเปรมฤดี ภูมิถาวร,^eบรรณาธิการ
700 0  ^aสุภาพ อรุณภาคมงคล,^eบรรณาธิการ
710 2  ^aชมรมต่อมไร้ท่อเด็กและวัยรุ่นแห่งประเทศไทย
999    ^aใช้งานได้ทุกระบบ
รายการนี้ยังไม่มีแท็ก
คุณยังไม่ได้ล็อกอิน คุณสามารถมีกิจกรรมร่วมกับเว็บไซต์ได้ แต่ต้องล็อกอินก่อน ::
  ล็อกอิน
ลำดับที่ ประเภท เลขเรียก สถานที่ สถานะ
1. หนังสือทั่วไป
หนังสือทั่วไป
WS330 C337 2554 ฉ.3 
  
ห้องสมุด หอพักนักศึกษา (ห้องเหลือง) On Shelf
  ขอยืม
Note:ปีงบประมาณ2555
2. หนังสือทั่วไป
หนังสือทั่วไป
WS330 C337 2554 ฉ.4 
  
ห้องสมุด หอพักนักศึกษา (ห้องเหลือง) On Shelf
  ขอยืม
Note:ปีงบประมาณ2555
   [แสดง 2/2 รายการ]

BibComment


ยังไม่เคยถูกคอมเมนท์

คอมเมนท์ทรัพยากรรายการนี้
  คอมเมนท์: Case study in pe..
Bib 208491

 
 
 

 Union Library Management : ULibM
Copyright 2026. All Rights Reserved.
скачать бесплатно без регистрации порно красивый секс HD Sex Hindi sex

xxx gou

xxxx

bfxxx

xxxwww

Секса Видео

xxxx

Секса Видео

detube

geilexxx

C99 Shell

worms shell

blod xxx video
Ebony Coed Rihanna Rimes Takes A Dick In Her Young Twat priyaa indian fuck anal and pusssy hardcore indian women xxx desi hardcore fucking part 1 bengalixxxcouple